| 000 -GUIDE |
| Champ de contrôle de longueur fixe |
00988caa a22002177a 4500 |
| 003 - IDENTITÉ DU NUMÉRO DE CONTRÔLE |
| Champ de contrôle |
BI-BuBU |
| 008 - ÉLÉMENTS DE LONGUEUR FIXE - RENSEIGNEMENTS GÉNÉRAUX |
| Champ de contrôle de longueur fixe |
140314s2007 bd ||||| |||| 00| 0 eng d |
| 039 ## - NIVEAU DE CONTRÔLE BIBLIOGRAPHIQUE ET HISTORIQUE D'ENCODAGE [OBSOLETE] |
| Date creation |
20140318102251.0 |
| Nom catalographe |
Verhasselt |
| 040 ## - SOURCE DU CATALOGAGE |
| Organisme qui a effectué le catalogage original |
BI-BuBU |
| Code de la langue utilisée dans le catalogage |
fre |
| Organisme qui a effectué la transcription |
BI-BuBU |
| 080 0# - INDICE DE LA CLASSIFICATION DÉCIMALE UNIVERSELLE (CDU) |
| Indice de la Classification décimale universelle |
372.880.20 |
| 100 1# - VEDETTE PRINCIPALE - NOM DE PERSONNE |
| Code de relation |
aut |
| Nom de personne |
Ndayiragije, Fabiola |
| 245 10 - MENTION DU TITRE |
| Titre |
Boosting English teachers performance though a seminar based on teaching with Abbs and Freebairn's' strategies' text broks |
| Mention de responsabilité, etc. |
Fabiola Ndayiragije |
| 260 ## - PUBLICATION, DIFFUSION, ETC. (ADRESSE BIBLIOGRAPHIQUE) |
| Lieu de publication, diffusion, etc. |
Bujumbura |
| Nom de l'éditeur, diffuseur, etc. |
University of Burundi, Institute for applied pedagogy |
| Date of publication, distribution, etc |
2007 |
| 300 ## - DESCRIPTION MATÉRIELLE |
| Collation |
VIII - 86f. |
| Dimensions |
30 cm |
| 502 ## - NOTE DE THÈSE OU MÉMOIRE |
| Note de thèse |
A Thesis submitted in partial fulfilment the requirement for the degree "Licence en pedagogie appliquée, agrégée de l'enseignement secondaire en anglais" |
| 650 #7 - VEDETTE-MATIÈRE - NOM COMMUN |
| Vedette de sujet ou vedette comportant un nom géographique |
Anglais (langue). Enseignant performance. Burundi |
| 650 #7 - VEDETTE-MATIÈRE - NOM COMMUN |
| Vedette de sujet ou vedette comportant un nom géographique |
CUD. DataWinIsis. Verhasselt |
| 942 ## - ÉLÉMENTS D'ENTRÉE ADDITIONNELLE (KOHA) |
| Type d item koha |
BOOK |